000 00919nmm a2200277 a 4500
001 ocm0001256817
003 TR-IsHL
005 20201028160449.0
008 150709s2016 tu eng
007 cr cn
020 _a9786059285728
035 _a1256817
_b(N$T)
050 0 4 _aPZ8.1
_b.G94 2016
090 0 4 _aPZ8.1
_b.G94 2016
100 1 _aGuiney, Louise Imogen
245 1 0 _aBrownies and Bogles
_h[electronic resource] /
_cLouise Imogen Guiney ; illustrated by Edmund H. Garrett
260 _aİstanbul :
_bE-Kitap Projesi,
_c2016
300 _a123 p.
650 4 _aDil ve Edebiyat
650 4 _aLanguage and Literature
650 0 _aÇocuk hikayeleri, Amerikan
650 0 _aChildren's stories, American
650 7 _aJUVENILE FICTION / General
_2bisacsh
700 1 _aGarrett, Edmund H.
856 4 0 _uhttp://search.ebscohost.com/login.aspx?direct=true&scope=site&db=e011xww&AN=1256817
999 _c13615
_d13615